Statistics for Largest Cities In The Eastern Hemisphere

Click here to take the quiz!

General Stats

  • This quiz has been taken 9 times
  • The average score is 7 of 10

Answer Stats

Pop(Millions)Answer% Correct
8.8Tokyo
100%
8.5Jakarta
89%
13.8Shanghai
89%
10.1Beijing
78%
6.1Guangzhou
67%
10.4Seoul
67%
7Bangkok
56%
7.1Ho Chi Minh City
56%
7Hong Kong
56%
8Wuhan
33%

Score Distribution

Percentile by Number Answered

Percent of People with Each Score

Your Score History

You have not taken this quiz